00601cam a22002171 4500001001300000003000400013005001700017008004100034010001700075035001900092040001800111042001200129050002500141082001000166100001800176245006800194260005800262300002600320490002000346999001700366ca 36001633 DLC20260227111144.0800305s1934 nyua 000 0 eng  aca 36001633  a(OCoLC)6054562 aDLCcOCldDLC apremarc00aPS3539.A245bS6 1934 a812.51 aTaggart, Tom.10aSnow bound,ba comedy of action in three acts,cby Tom Taggart. aNew York,bFitzgerald publishing corporationc[c1934] a89 p.bdiagr.c19 cm.0 aPlayhouse plays c18338d18338